<?xml version="1.0" encoding="UTF-8"?>
<record
    xmlns:xsi="http://www.w3.org/2001/XMLSchema-instance"
    xsi:schemaLocation="http://www.loc.gov/MARC21/slim http://www.loc.gov/standards/marcxml/schema/MARC21slim.xsd"
    xmlns="http://www.loc.gov/MARC21/slim">

  <leader>02022nam a2200337 i 4500</leader>
  <controlfield tag="003">DO-SdBPM</controlfield>
  <controlfield tag="005">20260114105210.0</controlfield>
  <controlfield tag="007">ta</controlfield>
  <controlfield tag="008">250624b2013    dr a|||| |||| 00| 0 spa d</controlfield>
  <datafield tag="020" ind1=" " ind2=" ">
    <subfield code="a">9789945471328</subfield>
  </datafield>
  <datafield tag="040" ind1=" " ind2=" ">
    <subfield code="a">DO-SdBPM</subfield>
    <subfield code="b">spa</subfield>
    <subfield code="c">BPMSU </subfield>
    <subfield code="e">rda</subfield>
  </datafield>
  <datafield tag="082" ind1=" " ind2="4">
    <subfield code="a">342.7293</subfield>
    <subfield code="b">V297c 2013</subfield>
    <subfield code="2">22</subfield>
  </datafield>
  <datafield tag="100" ind1="1" ind2=" ">
    <subfield code="a">Vargas Corona, Dulce Mar&#xED;a</subfield>
    <subfield code="e">autora</subfield>
    <subfield code="4">aut.</subfield>
  </datafield>
  <datafield tag="245" ind1="1" ind2="3">
    <subfield code="a">La constituci&#xF3;n dominicana infantil /</subfield>
    <subfield code="c">adaptaci&#xF3;n Dulce Mar&#xED;a Vargas Corona ; ilustraciones Roberto Carlos Rodr&#xED;guez </subfield>
  </datafield>
  <datafield tag="250" ind1=" " ind2=" ">
    <subfield code="a"> </subfield>
  </datafield>
  <datafield tag="264" ind1=" " ind2="1">
    <subfield code="a">Santo Domingo :</subfield>
    <subfield code="b"> C&#xE1;mara de Diputados de la Rep&#xFA;blica Dominicana, </subfield>
    <subfield code="c">2013</subfield>
    <subfield code="b"> </subfield>
  </datafield>
  <datafield tag="300" ind1=" " ind2=" ">
    <subfield code="a">149 p&#xE1;ginas : </subfield>
    <subfield code="b">ilustraciones ;</subfield>
    <subfield code="c">26 cm.</subfield>
  </datafield>
  <datafield tag="336" ind1=" " ind2=" ">
    <subfield code="a">texto</subfield>
    <subfield code="b">txt</subfield>
    <subfield code="2">rdacontent</subfield>
  </datafield>
  <datafield tag="337" ind1=" " ind2=" ">
    <subfield code="a">sin mediaci&#xF3;n</subfield>
    <subfield code="b">n</subfield>
    <subfield code="2">rdamedia</subfield>
  </datafield>
  <datafield tag="338" ind1=" " ind2=" ">
    <subfield code="a">volumen</subfield>
    <subfield code="b">nc</subfield>
    <subfield code="2">rdacarrier</subfield>
  </datafield>
  <datafield tag="505" ind1="0" ind2=" ">
    <subfield code="a">Presentaci&#xF3;n | Introducci&#xF3;n | Pre&#xE1;mbulo | T&#xED;tulo I. De la Naci&#xF3;n, del Estado, de su gobierno y de sus principios fundamentales | T&#xED;tulo II. Derechos, garant&#xED;as y deberes fundamentales | T&#xED;tulo III. El Poder Legislativo | T&#xED;tulo IV. El Poder Ejecutivo | T&#xED;tulo V. El Poder Judicial | T&#xED;tulo VI. El Consejo Nacional de la Magistratura | T&#xED;tulo VII. El control constitucional | T&#xED;tulo VIII. El defensor del pueblo | T&#xED;tulo IX. El ordenamiento territorial | T&#xED;tulo X. El sistema electoral | T&#xED;tulo XI. R&#xE9;gimen econ&#xF3;mico y financiero y de l C&#xE1;mara de Cuentas | T&#xED;tulo XII. La seguridad y la defensa | T&#xED;tulo XIII. Los estados de excepci&#xF3;n | T&#xED;tulo XIV. Las reformas constitucionales | T&#xED;tulo XV. Disposiciones generales y transitorias</subfield>
  </datafield>
  <datafield tag="590" ind1=" " ind2=" ">
    <subfield code="a">Inventariado, 2026/VM</subfield>
  </datafield>
  <datafield tag="650" ind1=" " ind2="7">
    <subfield code="a">Reformas constitucionales</subfield>
    <subfield code="z">Rep&#xFA;blica Dominicana</subfield>
    <subfield code="x">Literatura infantil.</subfield>
  </datafield>
  <datafield tag="650" ind1=" " ind2="7">
    <subfield code="a">Educaci&#xF3;n c&#xED;vica  </subfield>
    <subfield code="z">Rep&#xFA;blica Dominicana</subfield>
  </datafield>
  <datafield tag="650" ind1="z" ind2=" ">
    <subfield code="a"> </subfield>
  </datafield>
  <datafield tag="651" ind1=" " ind2="7">
    <subfield code="a">Rep&#xFA;blica Dominicana</subfield>
    <subfield code="x">Constituci&#xF3;n </subfield>
    <subfield code="x">Literatura infantil</subfield>
  </datafield>
  <datafield tag="700" ind1="1" ind2=" ">
    <subfield code="a">Rodr&#xED;guez, Roberto Carlos </subfield>
    <subfield code="e">ilustraciones </subfield>
  </datafield>
  <datafield tag="710" ind1="1" ind2=" ">
    <subfield code="a">Rep&#xFA;blica Dominicana.</subfield>
    <subfield code="b">C&#xE1;mara de Diputados.</subfield>
  </datafield>
  <datafield tag="910" ind1=" " ind2=" ">
    <subfield code="a">VMateo V. Control de calidad. BPMSU </subfield>
  </datafield>
  <datafield tag="942" ind1=" " ind2=" ">
    <subfield code="2">ddc</subfield>
    <subfield code="c">BK</subfield>
  </datafield>
  <datafield tag="952" ind1=" " ind2=" ">
    <subfield code="0">0</subfield>
    <subfield code="1">0</subfield>
    <subfield code="2">ddc</subfield>
    <subfield code="4">0</subfield>
    <subfield code="7">0</subfield>
    <subfield code="8">CI-D</subfield>
    <subfield code="a">BPMET</subfield>
    <subfield code="b">BPMET</subfield>
    <subfield code="d">2026-01-13</subfield>
    <subfield code="l">0</subfield>
    <subfield code="o">BPMSU CDI 342.7293 V297c 2013</subfield>
    <subfield code="p">BPMSU26010004</subfield>
    <subfield code="r">2026-01-13</subfield>
    <subfield code="w">2026-01-13</subfield>
    <subfield code="y">BK</subfield>
  </datafield>
  <datafield tag="999" ind1=" " ind2=" ">
    <subfield code="c">15595</subfield>
    <subfield code="d">15595</subfield>
  </datafield>
</record>
